Statistics for Globetrotter: Largest Bordering Country

Click here to take the quiz!

General Stats

  • This quiz has been taken 94 times
  • The average score is 44 of 54

Answer Stats

Country % Correct
Spain
100%
France
100%
Germany
100%
Poland
100%
Russia
99%
China
98%
India
95%
Pakistan
95%
Mexico
94%
United States
94%
Iran
93%
Algeria
92%
Libya
91%
Honduras
90%
Nicaragua
90%
Costa Rica
90%
Sudan
88%
Turkey
88%
Guatemala
88%
Panama
88%
Brazil
87%
Argentina
87%
Colombia
86%
Bolivia
85%
Peru
84%
Chile
83%
Iraq
83%
Yemen
81%
Saudi Arabia
81%
Chad
81%
Oman
81%
Niger
80%
Mali
79%
U.A.E.
78%
Mauritania
78%
Senegal
72%
Guinea
71%
Côte d’Ivoire
70%
Burkina Faso
67%
Nigeria
66%
D.R.Congo
66%
Togo
66%
Benin
66%
Ghana
66%
Cameroon
65%
Angola
65%
Namibia
65%
South Africa
65%
Mozambique
65%
Tanzania
65%
C.A.R.
63%
Zambia
62%
Zimbabwe
58%
Botswana
57%

Score Distribution

Percentile by Number Answered

Percent of People with Each Score

Your Score History

You have not taken this quiz